Central Library OPAC University of Rajshahi

Beyond the plan : (Record no. 57704)

MARC details
000 -LEADER
fixed length control field 00983nam a2200277 a 4500
001 - CONTROL NUMBER
control field 57704
003 - CONTROL NUMBER IDENTIFIER
rucl marc code BD-RjUL
005 - DATE AND TIME OF LATEST TRANSACTION
control field 20211209080538.0
008 - FIXED-LENGTH DATA ELEMENTS--GENERAL INFORMATION
fixed length control field 161211s1987 enkab b 001 0 eng
020 ## - INTERNATIONAL STANDARD BOOK NUMBER
International Standard Book Number 081337412X
035 ## - SYSTEM CONTROL NUMBER
System control number (BD-RjUL)57828
040 ## - CATALOGING SOURCE
Modifying agency CSt
Original cataloging agency BD-RjUL
Language of cataloging eng
Transcribing agency BD-RjUL
041 ## - LANGUAGE CODE
Language code of text/sound track or separate title eng
082 0# - DEWEY DECIMAL CLASSIFICATION NUMBER
Classification number 307.7209439
Edition number 23
Author mark and year VAB 1987
100 1# - MAIN ENTRY--PERSONAL NAME
Personal name Vasary, Ildiko.
9 (RLIN) 171368
245 10 - TITLE STATEMENT
Title Beyond the plan :
Remainder of title social change in a Hungarian village /
Statement of responsibility, etc. Ildiko Vasary.
260 ## - PUBLICATION, DISTRIBUTION, ETC. (IMPRINT)
Place of publication, distribution, etc. London :
Name of publisher, distributor, etc. Westview Press,
Date of publication, distribution, etc. c1987.
300 ## - PHYSICAL DESCRIPTION
Pagination xvii, 308 p. :
Illustrations ill. ;
Size 23 cm.
490 1# - SERIES STATEMENT
Series statement Westview special studies on the Soviet Union and Eastern Europe
504 ## - BIBLIOGRAPHY, ETC. NOTE
Bibliography, etc Includes index and bibliography
650 #0 - SUBJECT ADDED ENTRY--TOPICAL TERM
Topical term or geographic name as entry element Collectivization of agriculture
Geographic subdivision Hungary.
9 (RLIN) 171369
Topical term or geographic name as entry element Private plot agriculture
Geographic subdivision Hungary.
9 (RLIN) 171370
651 #0 - SUBJECT ADDED ENTRY--GEOGRAPHIC NAME
Geographic name Hungary
General subdivision Rural conditions.
9 (RLIN) 171371
830 #0 - SERIES ADDED ENTRY--UNIFORM TITLE
Uniform title Westview special studies on the Soviet Union and Eastern Europe.
942 ## - ADDED ENTRY ELEMENTS (KOHA)
Source of classification or shelving scheme Dewey Decimal Classification
Koha item type Books
Holdings
Lost status Source of classification or shelving scheme Damaged status Not for loan Collection code Permanent Location Current Location Shelving location Date acquired Source of acquisition Total Checkouts Full call number Date last seen Copy number Koha item type
  Dewey Decimal Classification   Not For Loan Non-fiction Central Library, University of Rajshahi Central Library, University of Rajshahi Reading Room 09/09/1993 Asia foundation   307.7209439 VAB 1987 11/12/2016 C-1 Books